| 000 | 00672nam a2200205 4500 | ||
|---|---|---|---|
| 008 | 011128s1992 enk 0 engYA | ||
| 020 | _a1870345150 | ||
| 090 |
_aBT30.A5 _bH98m |
||
| 100 | 1 | _aHwa, Yung | |
| 245 | 1 | 0 |
_aMangoes or bananas? : _bthe quest for an authentic Asian Christian theology / _cYung Hwa. |
| 260 |
_aUnited Kingdom : _bRegnum Book, _cc1992. |
||
| 300 | _ax, 273 p. | ||
| 504 | _aRegnum studies in mission | ||
| 650 | 4 | _aContextualization. | |
| 651 | 4 |
_aChurch history _zAsia. |
|
| 651 | 4 |
_aMissions _zAsia. |
|
| 651 | 4 |
_aTheology, Doctrinal _zAsian. |
|
| 951 |
_p21718 _x00005847 _oBT30.A5/H98m _j070613111022421 _d2000-12-21 _cGC |
||
| 999 |
_c5108 _d5108 |
||